000 00305nam a22001217a 4500
008 160507b xxu||||| |||| 00| 0 eng d
020 _a9780697263049
020 _a0697263045
041 _aeng
080 _a573
245 _aFoundations in microbiology:
_cKathleen Talaro; Arthur Talaro;
942 _2udc
_cBK
999 _c1903
_d1903